Managing in the Edge : How the Smartest Companies Use Conflict to Stay Ahead /

Obra en que el autor propone que las empresas siempre se encuentren "al borde", enfrentando problemas nuevos por resolver, porque sólo de esta manera el proceso administrativo es competitivo y dinámico, y le permite a la organización caminar hacia el futuro. No desestima la búsqueda de la perfección...

Бүрэн тодорхойлолт

-д хадгалсан:
Номзүйн дэлгэрэнгүй
Үндсэн зохиолч: Pascale, Richard Tanner (autor)
Формат: Ном
Хэл сонгох:англи
Хэвлэсэн: Nueva York, EUA : Touchstone Book, 1991, c1991
Нөхцлүүд:
Шошгууд: Шошго нэмэх
Шошго байхгүй, Энэхүү баримтыг шошголох эхний хүн болох!

MARC

LEADER 00000nam^a2200000^a^4500
001 000182826
005 20250521000000.0
009 20260310102020.789
020 |a 0-671-73285-4 
037 |a Acervo ITESO - Biblioteca 
041 |a ING 
082 |a 658. 406  |b PAS 
100 |a Pascale, Richard Tanner  |e (autor) 
245 1 0 |a Managing in the Edge :  |b How the Smartest Companies Use Conflict to Stay Ahead /  |c R.T. Pascale. 
264 4 |a Nueva York, EUA :  |b Touchstone Book,  |c 1991, c1991 
300 |a 350 p. 
336 |a texto  |b txt  |2 rdacontenido 
337 |a sin mediación  |b n  |2 rdamedio 
338 |a volumen  |b nc  |2 rdasoporte 
520 |a Obra en que el autor propone que las empresas siempre se encuentren "al borde", enfrentando problemas nuevos por resolver, porque sólo de esta manera el proceso administrativo es competitivo y dinámico, y le permite a la organización caminar hacia el futuro. No desestima la búsqueda de la perfección, pero sostiene que aún lo perfecto es perfectible. 
649 |a XX 
650 |a Creatividad 
650 |a Competitividad 
650 |a Conflicto (Relaciones Personales) 
650 |a Conflicto Social 
650 |a Negociación y Mediación 
650 |a Cambio Organizacional 
650 |a Proceso Administrativo -  |x Dirección 
650 |a Administración 
650 |a Ciencias Administrativas 
910 |a Fondo General 
920 |a Impresos - Libros 
930 |a Colección General 
905 |a 101 
901 |a 0500122698  |b IT1  |c ACC  |u 20250521 
902 |a https://opac.biblio.iteso.mx/vufind/Record/000182826